| 000 | 00376nam a2200097Ia 4500 | ||
|---|---|---|---|
| 008 | 160329s9999 xx 000 0 und d | ||
| 245 | _aTechXtra | ||
| 500 | _aAccess to article citations and full text, Web sites, dissertations, industry news, job announcements, technical reports, e-prints, and more. | ||
| 650 | _aInformation Technology. | ||
| 856 | _uhttp://www.techxtra.ac.uk/ | ||
| 999 |
_c292977 _d292977 |
||